000 01326nam a2200409 c 4500
830 3 _932708
_aPolítica y derecho (Fondo de Cultura Económica)
999 _c48656
_d48656
001 48656
003 ES-MaCES
005 20170105115052.0
008 161215s2016 mx 000 | spa d
020 _a9786071635372
040 _aES-MaCES
_bspa
_cES-MaCES
041 1 _aspa
_heng
100 1 _aCooter, Robert
_937689
245 1 3 _aDerecho y economía
_cRobert Cooter y Thomas Ulen ; trad., Eduardo L. Suárez ; trad. y rev. de la nueva ed., María Teresa Franco González
250 _a3ª ed. en esp
260 _aCiudad de Mexico
_bFondo de Cultura Económica
_c2016
300 _a747 p.
_c23 cm
490 1 _aPolítica y Derecho
500 _aTraducción de: Law and economics
500 _aÍndices
504 _aBibliografía
541 _cCompra
650 4 _aderecho
_927151
650 4 _aeconomía
_926781
650 4 _aanálisis económico
_927070
650 4 _aaplicación
_929859
650 4 _ateoría económica
_927076
650 4 _ateoría legal
_929895
653 1 0 _aEconomía
700 1 _aUlen, Thomas
_937690
700 1 _aSuárez, Eduardo L.
_etr.
_924518
700 1 _aFranco González, Maria Teresa
_etr. y rev.
_937691
740 0 2 _aLaw and economics
902 _aLIB Libro
942 _2CES
_cBK
_h0.0.